Hidden in plain sight (Record no. 216766)
[ view plain ]
| 000 -LEADER | |
|---|---|
| fixed length control field | 01479nam a22002177a 4500 |
| 005 - DATE AND TIME OF LATEST TRANSACTION | |
| control field | 20211028092010.0 |
| 008 - FIXED-LENGTH DATA ELEMENTS--GENERAL INFORMATION | |
| fixed length control field | 211028b ||||| |||| 00| 0 eng d |
| 020 ## - INTERNATIONAL STANDARD BOOK NUMBER | |
| International Standard Book Number | 9781529040821 |
| 040 ## - CATALOGING SOURCE | |
| Transcribing agency | Al |
| 041 ## - LANGUAGE CODE | |
| Language code of text/sound track or separate title | Eng |
| 082 ## - DEWEY DECIMAL CLASSIFICATION NUMBER | |
| Edition number | 23 |
| Classification number | 813.6 |
| Item number | ARCH |
| 100 ## - MAIN ENTRY--PERSONAL NAME | |
| Personal name | Jeffrey Archer |
| 100 ## - MAIN ENTRY--PERSONAL NAME | |
| 9 (RLIN) | 2076 |
| 245 ## - TITLE STATEMENT | |
| Title | Hidden in plain sight |
| 260 ## - PUBLICATION, DISTRIBUTION, ETC. | |
| Place of publication, distribution, etc. | London |
| Name of publisher, distributor, etc. | Pan Books |
| Date of publication, distribution, etc. | 2020 |
| 300 ## - PHYSICAL DESCRIPTION | |
| Extent | 289p. |
| Other physical details | PB |
| Dimensions | 20x13cm. |
| 365 ## - TRADE PRICE | |
| Price type code | BLCR-000062 |
| Price amount | ₹360.00 |
| Currency code | ₹ |
| Unit of pricing | ₹450.00 |
| Price note | 20% |
| Price effective from | 04-10-2021 |
| 520 ## - SUMMARY, ETC. | |
| Summary, etc. | "Hidden in Plain Sight is the second brilliant and captivating novel featuring William Warwick by the master storyteller and bestselling author of the Clifton Chronicles, Jeffrey Archer.<br/>Newly promoted, Detective Sergeant William Warwick has been reassigned to the drugs squad. His first case: to investigate a notorious south London drug lord known as the Viper.<br/>But as William and his team close the net around a criminal network unlike any they have ever encountered, he is also faced with an old enemy, Miles Faulkner. It will take all of William’s cunning to devise a means to bring both men to justice; a trap neither will expect, one that is hidden in plain sight . . .<br/>Filled with Jeffrey Archer’s trademark twists and turns, Hidden in Plain Sight is the gripping next instalment in the life of William Warwick. It follows on from Nothing Ventured, but can be read as a standalone story." |
| 650 ## - SUBJECT ADDED ENTRY--TOPICAL TERM | |
| Topical term or geographic name entry element | Fiction |
| 9 (RLIN) | 2077 |
| 700 ## - ADDED ENTRY--PERSONAL NAME | |
| Personal name | ARCHER (Jeffrey) |
| 9 (RLIN) | 2078 |
| 942 ## - ADDED ENTRY ELEMENTS (KOHA) | |
| Source of classification or shelving scheme | Dewey Decimal Classification |
| Koha item type | Book |
| Withdrawn status | Lost status | Source of classification or shelving scheme | Damaged status | Not for loan | Collection code | Home library | Current library | Date acquired | Source of acquisition | Cost, normal purchase price | Total Checkouts | Total Renewals | Full call number | Barcode | Date last seen | Date last checked out | Cost, replacement price | Price effective from | Koha item type |
|---|---|---|---|---|---|---|---|---|---|---|---|---|---|---|---|---|---|---|---|
| Dewey Decimal Classification | English | St Aloysius Library | St Aloysius Library | 10/12/2021 | NavaKarnataka Publications Pvt.Ltd. | 360.00 | 11 | 5 | 813.6 ARCH | 075015 | 01/02/2026 | 12/17/2025 | 450.00 | 10/28/2021 | Book |